|
|
|
|
| LEADER |
01070nam a22002652a 4500 |
| 001 |
000141066 |
| 003 |
CZ BrMZK |
| 005 |
20050907151313.0 |
| 008 |
970103s1994 xr f cze d |
| 015 |
|
|
|a cnb000088062
|
| 035 |
|
|
|a (OCoLC)85653031
|
| 040 |
|
|
|a BOA001
|b cze
|
| 080 |
|
|
|a 519.8(076.5)
|2 MRF
|
| 100 |
1 |
|
|a Píšek, Milan,
|d 1932-
|7 ntka173832
|
| 245 |
1 |
0 |
|a Rozhodovací analýza :
|b příklady /
|c Milan Píšek, František Hanuš
|
| 250 |
|
|
|a 1. vyd.
|
| 260 |
|
|
|a Praha :
|b České vysoké učení technické,
|c 1994
|
| 300 |
|
|
|a 144, 28 s.
|
| 500 |
|
|
|a Dostupné též v digitální podobě v aplikaci Kramerius
|
| 700 |
1 |
|
|a Hanuš, František,
|d 1944-
|7 ntka172488
|
| 856 |
4 |
1 |
|u http://www.digitalniknihovna.cz/mzk/uuid/uuid:0ce53fe0-cc0d-11e5-bfe7-005056827e52
|y Digitalizovaný dokument
|x NDK
|
| 910 |
|
|
|a BOA001
|b TK-A-0255.482
|
| 990 |
|
|
|a BK
|
| 996 |
7 |
|
|b 2629983835
|c TK-A-0255.482
|l MZK
|r Sklad / do 24 hodin
|n 5
|w 000141066
|u 000010
|a 1
|e BOA001
|j MZK50
|s A
|
| 996 |
7 |
|
|b 2629983836
|c TK-A-0255.482
|l MZK
|r Sklad / do 24 hodin
|n 3
|w 000141066
|u 000020
|a 1
|e BOA001
|j MZK50
|s A
|